El arte egipcio /
Guardado en:
| Autor Principal: | |
|---|---|
| Formato: | Libro |
| Publicado: |
Barcelona :
Paidós,
1984
|
| Materias: | |
| Etiquetas: |
Agregar Etiqueta
Sin Etiquetas, Sea el primero en etiquetar este registro!
|
| LEADER | 00826nam a22001935a 4500 | ||
|---|---|---|---|
| 001 | CEM.cems004780 | ||
| 005 | 20100531093802.0 | ||
| 008 | 130507s1984##################000#0#####d | ||
| 003 | CEMS | ||
| 082 | 0 | 4 | |a 709.32 |
| 100 | 1 | |a Orgogozo, Chantal | |
| 245 | 1 | 0 | |a El arte egipcio / |c Chantal Orgogozo |
| 260 | |a Barcelona : |b Paidós, |c 1984 | ||
| 300 | |a 64 p. | ||
| 505 | 0 | |a La resurrección del Antiguo Egipto -- Determinismo geográfico de la civilización egipcia -- Referencias cronológicas -- El faraón, promotor del arte -- Influencia de la religión -- Estilización y diseño -- El arte suntuario -- La arquitectura -- La decoración arquitectónica -- La estatuaria -- Las artes menores | |
| 653 | |a Arte | ||
| 653 | |a Arte egipcio | ||
| 653 | |a Historia del arte | ||
| 859 | |a CEMS |b BIB. CEMS - 11 de abril |h 709.32 |i Or14 |p 14768.87 |t Ej.1 | ||
